000 00608 a2200217 4500
005 20260430115602.0
008 260429b |||||||| |||| 00| 0 eng d
020 _a9781527258358
_c£ 27.00
040 _aMAIN
082 _a778.8
_bE65C
100 _aEspinel, Kimberly
245 _aCreative food photography: How to capture exceptional images of food
260 _bDelish Books
_c2021
_aBritain
300 _a206
650 _aFood Photography
650 _aPhotography-Food
650 _aPhotography-Techniques
650 _aFood-Photography
650 _aCommercial Photography
942 _cBK
999 _c395677
_d395677